An introduction to musical history
Guardat en:
| Autor principal: | |
|---|---|
| Format: | Llibre |
| Idioma: | anglès |
| Publicat: |
Londres
Hutchinson University Library
1955
|
| Col·lecció: | Music, 66
|
| Matèries: | |
| Etiquetes: |
Afegir etiqueta
Sense etiquetes, Sigues el primer a etiquetar aquest registre!
|
MARC
| LEADER | 00000nam a2200000 a 4500 | ||
|---|---|---|---|
| 001 | UCW2542 | ||
| 003 | CL-VaPUC | ||
| 008 | 920827e19550000UK |||||||||||||||||eng|d | ||
| 082 | 0 | 4 | |a 780.9 |b WES |2 21 |
| 100 | 0 | |a Westrup, J. A |e author |9 306765 | |
| 245 | 1 | 3 | |a An introduction to musical history |
| 300 | |a 175 p | ||
| 942 | |c BK | ||
| 945 | |d 19920827 00:00:00 | ||
| 260 | |a Londres |b Hutchinson University Library |c 1955 | ||
| 650 | 0 | |a Música historia y crítica |9 269146 | |
| 583 | |a last modification |c 19920827 00:00:00 |k Rodrigo Vera | ||
| 490 | 0 | |a Music, 66 | |
| 999 | |c 217081 |d 217079 | ||
| 952 | |0 0 |1 0 |4 0 |6 780_900000000000000_WES_1955 |7 0 |8 A |9 203578 |a BIBEDU |b BIBEDU |d 2019-11-15 |i 2708124 |o 780.9 WES 1955 |p 2708124 |r 2023-01-12 |w 2019-11-15 |y BK |k MUS | ||
| 952 | |0 0 |1 0 |4 0 |6 780_900000000000000_WES_1955 |7 0 |8 A |9 203579 |a BIBEDU |b BIBEDU |d 2019-11-15 |i 1233319 |o 780.9 WES 1955 |p 1233319 |r 2022-01-17 |w 2019-11-15 |y BK |k MUS | ||